Navrhovanie inšpirované prírodou: prípadová štúdia Ôsmy kontinent

Gespeichert in:
Bibliographische Detailangaben
1. Verfasser: Petrakova, Lenka (Verfasst von)
Weitere Verfasser: Šimkovič, Vladimír (Betreuung Doktorarbeit)
Format: Manuskript Buch
Sprache:Slowakisch
Englisch
Veröffentlicht: 2024
Schlagworte:
Online-Zugang:http://is.stuba.sk/zp/portal_zp.pl?podrobnosti=160684
Tags: Tag hinzufügen
Keine Tags, Fügen Sie das erste Tag hinzu!

MARC

LEADER 00000ntm a22000003a 4500
001 stuzp76708
003 SK-STU
005 20240608210224.6
007 ta
008 150427s2015----xo-----f-mn---000-0-slo-d
040 |a STU  |b slo 
041 0 |a eng 
100 1 |a Petrakova, Lenka  |u 058180  |4 aut  |U FAD Fakulta architektúry a dizajnu  |T FAD Ústav architektúry občianskych budov  |X 67491  |U A8180  |Y 399  |7 A000067491 
242 0 1 |a Navrhovanie inšpirované prírodou: prípadová štúdia Ôsmy kontinent  |y slo 
245 1 0 |a Navrhovanie inšpirované prírodou: prípadová štúdia Ôsmy kontinent 
260 |c 2024 
650 4 |a Prírodná inšpirácia  |2 slo 
650 4 |a umelá inteligencia  |2 slo 
650 4 |a architektonické navrhovanie  |2 slo 
650 4 |a N-AI-TURISM®  |2 slo 
650 4 |a The 8th Continent®  |2 slo 
650 4 |a Natural inspiration  |2 eng 
650 4 |a artificial Intelligence  |2 eng 
650 4 |a architectural design  |2 eng 
650 4 |a N-AI-TURISM®  |2 eng 
650 4 |a The 8th Continent®  |2 eng 
700 1 |a Šimkovič, Vladimír  |4 ths  |X 394  |7 A000000394 
856 4 |u http://is.stuba.sk/zp/portal_zp.pl?podrobnosti=160684 
996 |b 284AU10250  |c A* 13524/V  |l AAKNST  |s P  |a 0  |w stuzp76708_0001